| 000 | 00681nam a2200253 a 4500 | ||
|---|---|---|---|
| 999 |
_c7591 _d7591 |
||
| 001 | 7591 | ||
| 003 | BD-JhCC | ||
| 005 | 20180212092822.0 | ||
| 008 | 180212s1978 ii a|||| || | 001 0 eng d | ||
| 035 | _a(BD-JhCC)7591 | ||
| 040 |
_aBD-JhCC _dBD-JhCC |
||
| 041 | _aeng | ||
| 082 |
_a574 _bSIN 1978 |
||
| 100 | _aSinha, Arup Kumar | ||
| 245 |
_aBiology of Animals / _cArup Kumar Sinha, Simananda Adhikari & Banku Behari Ganguly |
||
| 260 |
_aCalcutta : _bNew Central Book Agency, _c1978 |
||
| 300 |
_a557 p. : _c25 cm. |
||
| 650 | _aBiology | ||
| 650 | _aAnimals | ||
| 700 | _aAdhikari, Simananda | ||
| 700 | _aGanguly, Banku Behari | ||
| 942 |
_2ddc _cBK |
||